Cette année-là: 1830 - Statistiques

Statistiques générales
  • Ce quiz a été pris 18 fois
  • Le résultat moyen est 4 sur 10
Statistiques - réponses
Indice Réponse % Correct
25 février: Cette pièce d'Hugo crée "une bataille" à la comédie française. Hernani
88%
4 février: Futur président de la République je prononce la formule "Le Roi ne gouverne pas, il règne" Adolphe Thiers
81%
27-29 juillet: Nom donné à la Révolution parisienne qui démet Charles X Les Trois Glorieuses
44%
9 août: Proclamation officielle du nouveau régime Monarchie de Juillet
44%
5 juillet: Prise de cette ville par le général de Bourmont Alger
38%
31 juillet: Je deviens lieutenant général du royaume, avant d'être proclamé Roi des Français un mois plus tard. Louis-Philippe d'Orléans
31%
29 novembre: Début de l'insurrection dans cette ville de l'Empire russe. Varsovie
19%
16 mai: suite à l'opposition de ses députés, Charles X prend cette mesure. Dissolution de la chambre
6%
2 novembre: Ce banquier est nommé chef du gouvernement Jacques Lafitte
6%
25 juillet: Charles X prend ces ordonnances réduisant la liberté de presse (nom de la ville où elles furent signées) Ordonnances de Saint-Cloud
6%
Aucun quiz correspondant
Distribution des résultats
% des personnes avec chaque résultat
Percentile par nombre de réponses
Votre historique - résultats
Vous n’avez pas pris ce quiz